La agricultura chilena del 2010: tres visiones sociopolíticas

Uloženo v:
Podrobná bibliografie
Korporativní autor: Ministerio de Agricultura (Autor)
Médium: Kniha
Jazyk:španělština
Vydáno: Santiago ODEPA 2000
Témata:
Tagy: Přidat tag
Žádné tagy, Buďte první, kdo vytvoří štítek k tomuto záznamu!

MARC

LEADER 00000nam a2200000 a 4500
001 UCN6695
003 CL-VaPUC
008 011005e20000200CL |||||||||||||||||spa|d
082 0 4 |a 630.983  |b MIN  |2 21 
110 2 |a Ministerio de Agricultura  |e author  |9 462441 
245 1 3 |a La agricultura chilena del 2010: tres visiones sociopolíticas 
300 |a 238 p 
942 |c BK 
945 |d 20011005 00:00:00  |a vberengu 
260 |a Santiago  |b ODEPA  |c 2000 
650 0 |a Agricultura  |9 255598 
650 7 |a DESARROLLO AGRICOLA  |2 CL-VaPUC  |9 259759 
650 0 |a Desarrollo económico y social   |9 256320 
583 |a last modification  |c 20011005 00:00:00  |k Rodrigo Vera 
999 |c 297382  |d 297380